| 000 | 00358 a2200145 4500 | ||
|---|---|---|---|
| 001 | 179637 | ||
| 020 | _a | ||
| 040 | _cMagnum | ||
| 100 | _aMalba Tahan (Pseudonimo) | ||
| 240 | 1 | 0 |
_aO rabi, o cocheiro e os anjos de deus _lpor |
| 245 | 1 | 0 | _aO rabi, o cocheiro e os anjos de deus |
| 362 | 0 | _a1899 | |
| 697 | _aMAGNITO: IJ/AVENTURA, CRIANCAS | ||
| 942 | _cBK | ||
| 999 |
_c179637 _d179637 |
||